000 00482nam a2200181Ia 4500
003 GCL
008 140319s9999 xx 000 0 ara d
040 _aGCL /
_cGCL
082 0 4 _a415.2
_bم ف
100 1 _aمحمد فتيح
245 1 0 _aفى الفكر اللغوى /
_cمحمد فتيح
260 _a[S.N] :
_bدار الفكر العربى ،
_c1989
300 _a286 ص
490 _a
650 0 4 _aالنحو
650 0 4 _aاللغة العربية
942 _2ddc
_cBK
999 _c32308
_d32308